000 00460nam a22001817a 4500
005 20180209122752.0
008 160428b xxu||||| |||| 00| 0 eng d
020 _a81-2970228-2
041 _aeng
082 _b00709
_a005.74
100 _aElmasri, Ramez
_94136
245 _aFundamentals of: Data Base System
250 _a4th ed.
260 _aNew Delhi
_bPearson Education,
_c2004
300 _a1030
650 _aInformation Technology
_9137
942 _cBK
999 _c205
_d205